000 00405pab a2200157 454500
008 180718b2005 xxu||||| |||| 00| 0 eng d
100 _aGhuman, Ranjit Singh
245 _aSoftening of borders between India and Pakistan
260 _c2005
300 _ap.29-38.
362 _aDec
650 _aIndia - Boundaries - Pakistan
650 _aBoundaries
773 _aMan and Development
909 _a68587
999 _c68587
_d68587